Chức năng kinh tế của nhà nước lí luận và thực tiễn ở Việt Nam hiện nay : Sách tham khảo

שמור ב:
מידע ביבליוגרפי
מחבר ראשי: Trần, Thái Dương
פורמט: ספר
שפה:Undetermined
יצא לאור: Hà Nội Công an Nhân dân 2003
תגים: הוספת תג
אין תגיות, היה/י הראשונ/ה לתייג את הרשומה!
Thư viện lưu trữ: Trung tâm Học liệu Trường Đại học Cần Thơ
LEADER 00625nam a2200193Ia 4500
001 CTU_90913
008 210402s9999 xx 000 0 und d
020 |c 25000 
082 |a 338.09597 
082 |b D561 
100 |a Trần, Thái Dương 
245 0 |a Chức năng kinh tế của nhà nước lí luận và thực tiễn ở Việt Nam hiện nay : 
245 0 |b Sách tham khảo 
245 0 |c Trần Thái Dương 
260 |a Hà Nội 
260 |b Công an Nhân dân 
260 |c 2003 
904 |i Mai Loan 
980 |a Trung tâm Học liệu Trường Đại học Cần Thơ